00935nam a2200241 a 45000010005000000030009000050050017000140080041000310200015000720220013000870400028001000820020001282450125001482600032002733000039003055000173003446500036005176500031005536500043005847000028006277000020006557000018006753775BD-DhUAP20201121113757.0201121s1994 sz a 000 0 eng  a1566761239 210722459 aDLCcDLCbengdBD-DhUAP00a628.351 CHE22310aChemical oxidation :btechnologies for the nineties /cEdited by W. Wesley Eckenfelder, Alan R. Bowers and John A. Roth. aBasel :bTechnomic,cc1994. avolumes :billustrations ;c29 cm. a Proceedings of the Second International Symposium, Chemical Oxidation : Technology for the Nineties, Vanderbilt University, Nashville, Tennessee, February 19-21, 1992. 0aSewagexPurificationvOxidation 0aGroundwaterxPurification. 0aFactory and trade wastexPurification.1 aEckenfelder, W. Wesley.1 aBowers, Alan R.1 aRoth, John A.